Music Quiz

Random Music or Album Quiz
Score 0/19 Timer 10:00
0 Plays Today
Year Released Song % Correct
2001Buck Rogers
95.7%
2003Comfort In Sound
88%
2001Just A Day
87%
2005Pushing The Senses
85.9%
2001Seven Days In The Sun
82.6%
2002Come Back Around
79.3%
1999Yesterday Went Too Soon
78.3%
1997High
73.9%
2005Feeling A Moment
72.8%
2003Just The Way I'm Feeling
70.7%
Year Released Song % Correct
1998Insomnia
68.5%
2005Shatter
66.3%
2006Lost And Found
65.2%
2005Tumble And Fall
62%
2001Turn
60.9%
2006Burn The Bridges
59.8%
2003Forget About Tomorrow
57.6%
1998Suffocate
53.3%
2006Save Us
45.7%
Remove Ads.
Support Sporcle.
Get the best of Sporcle when you Go Orange. This ad-free experience offers more features, more stats, and more fun while also helping to support Sporcle. Thank you for becoming a member.

You're not logged in!

Compare scores with friends on all Sporcle quizzes.
OR
Log In

Show Comments

Extras

Top Quizzes Today


Score Distribution

Your Account Isn't Verified!

In order to create a playlist on Sporcle, you need to verify the email address you used during registration. Go to your Sporcle Settings to finish the process.

Report this User

Report this user for behavior that violates our Community Guidelines.

Details: